[Event "RUS-Cup3"]
[Site "Omsk"]
[Date "1996.??.??"]
[Round "7"]
[White "Mukhametov, Eldar"]
[Black "Khachiyan, Melikset"]
[Result "1/2-1/2"]
[WhiteElo "2485"]
[BlackElo "2480"]
[Annotator "Notkin,M"]
[PlyCount "124"]
[EventDate "1996.12.13"]
[EventType "swiss"]
[EventRounds "9"]
[EventCountry "RUS"]
[SourceTitle "CBM 057"]
[Source "ChessBase"]
[SourceDate "1997.04.01"]
[SourceVersion "1"]
[SourceVersionDate "1997.04.01"]
[SourceQuality "1"]

1. e4 c5 2. c3 d6 3. d4 Nf6 4. dxc5 Nc6 5. Qc2 (5. Bc4) 5... d5 (5... dxc5 6.
Bf4 (6. Nf3 Bg4 7. Be2 Qc7 8. O-O e6 9. Rd1 Be7 10. Nbd2 O-O 11. Nf1 h6 $10 {
Godena,M-Madl,I/Budapest/1992/0,5/55/}) 6... g6 (6... e5 7. Bg5 h6 8. Bh4 Be7
9. Nd2 Nh5 10. Bxe7 Qxe7 11. Nc4 O-O 12. Ne3 Be6 13. g3 Rad8 14. Nf3 g6 15. Be2
$14 {Cherniaev,A-Tregubov,P/Sochi/1993/1-0/62/}) 7. Na3 (7. Nf3 Bg7 8. Nbd2 O-O
9. Rd1 Nh5 $6 10. Nc4 Nxf4 11. Rxd8 Rxd8 12. Ne3 $14 {Maksimenko,A-Ermenkov,E/
YUG/1994/1-0/42/}) 7... Bg7 8. Rd1 Nd7 9. Nb5 Nce5 10. Nf3 Qb6 11. Nxe5 Nxe5
12. Rd5 a6 13. Na3 Nd7 14. Nc4 Qa7 $14 {Kharlov,A-Van Der Mortel,J/Leeuwarden/
1994/1-0/64/}) 6. Nd2 e5 (6... e6 7. b4 a5 8. b5 Nb8 9. Ngf3 Bxc5 10. Bd3 Nbd7
11. exd5 exd5 12. O-O O-O 13. c4 h6 $10 {Yagupov,I-Tregubov,P/Kolontaevo/1994/
0,5/28/}) 7. b4 (7. exd5 Qxd5 8. Nb3 a5 9. Bg5 Qe4+ 10. Qxe4 Nxe4 11. Be3 a4
$10 {Markovic,M-Kovacevic,A/Nis/1993/0,5/41/}) 7... a5 8. Bb5 Bd7 (8... dxe4 9.
Ne2 e3 10. fxe3 axb4 11. cxb4 Bd7 12. Qb3 Be6 13. Qb2 $14 {Pablo Marin,
A-Gonzalez Velez,F/Barcelona/1995/0-1/26/}) 9. Ngf3 axb4 10. Bxc6 Bxc6 11. cxb4
Qc7 (11... dxe4 12. Nxe5 Qd4 13. Bb2 Qxb4 14. Nxc6 bxc6 15. Bxf6 gxf6 16. O-O
f5 17. Rab1 Qxc5 18. Qb2 $44 {Cherniaev,A-Mortensen,E/Hastings/1996/0,5/23/})
12. Bb2 Ba4 13. Qb1 d4 14. Nc4 Nd7 15. Bc1 $6 (15. O-O Be7 (15... b6 16. Nxb6
Nxb6 17. cxb6 Qxb6 18. Nxe5 Qxb4 (18... Bxb4 19. Ba3 Rb8 20. Bxb4 Qxb4 21. Qxb4
Rxb4 22. Rab1 $16) 19. Qc1 $1 $16) 16. Bc1 (16. Rc1 O-O 17. Qd3 Bb5 18. Qb3 Ba4
$10) 16... b6 (16... O-O 17. Bd2 $14 {/\Rc1,Ne1-d3/}) 17. Nxb6 Nxb6 18. cxb6
Qxb6 $44) 15... b6 16. Nxb6 Nxb6 17. cxb6 Qc4 $2 (17... Qxb6 18. a3 (18. O-O
Qxb4 $15) 18... Qb5 $44) 18. Nxe5 $1 (18. Bd2 Bb5 19. Qd1 Qd3 $19) (18. a3 Bb5
19. Qb2 Bxb4+ $19) 18... Bxb4+ 19. Bd2 Bxd2+ 20. Kxd2 Qc3+ 21. Ke2 O-O 22. Rc1
Qa5 23. Nd3 Qh5+ 24. f3 Bb5 (24... Qxh2 25. Kf2 $16) 25. a4 (25. Kf2 $5 Rab8 (
25... Ra3 26. b7 Rxd3 (26... Bxd3 27. Qb4 $18) 27. Rc8 Rxf3+ 28. Kg1 $1 $18)
26. Kg1 $16 Rxb6 $140 $2 27. Rc5) 25... Ba6 26. Ra3 Qh6 $1 27. Kf1 Rac8 28. Rd1
Qxh2 29. Kf2 Rc6 30. Rh1 Qd6 31. Rb3 Bc4 (31... Bxd3 32. Qxd3 Rxb6 33. e5 Qg6
34. Qxg6 Rxg6 35. Rd1 $16) 32. e5 (32. Rb2 Bxd3 33. Qxd3 Rxb6 $10) 32... Qe7 (
32... Qg6 33. Nf4 $16) 33. Nb2 (33. Rb2 g6 $14) 33... g6 34. Nxc4 Rxc4 35. b7
$2 (35. a5 $16 {oo/}) 35... Rb8 36. Rc1 (36. a5 Qxe5 37. a6 Qa5) 36... Rc7 $2 (
36... Rxc1 37. Qxc1 Qxe5 38. Rb5 (38. Qc8+ Kg7 39. a5 Qxa5 40. Qxb8 Qd2+ 41.
Kf1 Qd1+ 42. Kf2 Qd2+ 43. Kg3 Qg5+ 44. Kh3 Qh5+ 45. Kg3 Qg5+ 46. Kh2 Qh4+ 47.
Kg1 Qe1+ $10) 38... Qd6 39. Qc8+ Kg7 40. a5 Qf4 (40... d3 41. Qc3+ Kh6 (41...
Kg8 42. Rb6 Qd5 43. a6 d2 44. a7 d1=N+ 45. Kg1 Nxc3 46. axb8=Q+ Kg7 47. Qd6 $18
) 42. Rb1 $16) 41. a6 Qe3+ 42. Kg3 Qe1+ 43. Kh2 Qh4+ 44. Qh3 Qf4+ 45. Qg3 Qh6+
46. Rh5 Qxh5+ 47. Kg1 Qa5 48. Qxb8 Qe1+ $10) 37. Rxc7 Qxc7 38. Qe4 $2 (38. Rb5
d3 39. a5 Qc6 (39... d2 40. a6 Qc1 41. a7 $18) 40. Qxd3 Rxb7 41. Qd8+ Kg7 42.
Qf6+ $18) 38... d3 $1 39. Qxd3 Rxb7 40. Rxb7 Qxb7 41. Qd8+ Kg7 42. Qd4 Kg8 43.
a5 h5 44. Kg3 (44. Qb6 Qd5) 44... Qb5 $1 45. Qd8+ Kh7 46. Qf6 (46. Qc7 Kg8)
46... Qxa5 47. Qxf7+ Kh6 48. Qf4+ Kh7 49. Kh4 (49. Qe3 Kg7 50. e6 Kf6 $10)
49... Qd8+ 50. Qf6 Qd4+ 51. Kh3 Qa1 52. Qf7+ (52. Kh2 Qe1 53. f4 h4 54. Qg5 Kg7
$10) 52... Kh6 53. Qf4+ Kg7 54. Qf6+ (54. e6 Qh1+ 55. Qh2 Qe1) 54... Kh7 55.
Qf7+ Kh6 56. e6 Qh1+ 57. Kg3 Qe1+ 58. Kf4 Qb4+ 59. Ke3 Qc3+ 60. Ke4 Qc4+ 61.
Ke5 Qc5+ 62. Ke4 (62. Kf6 $4 Qg5#) 62... Qc4+ 1/2-1/2

[Event "RUS-Cup3"]
[Site "Omsk"]
[Date "1996.??.??"]
[Round "5"]
[White "Mukhametov, Eldar"]
[Black "Makarov, Marat"]
[Result "1/2-1/2"]
[WhiteElo "2485"]
[BlackElo "2560"]
[Annotator "Notkin,M"]
[PlyCount "81"]
[EventDate "1996.12.13"]
[EventType "swiss"]
[EventRounds "9"]
[EventCountry "RUS"]
[SourceTitle "CBM 057"]
[Source "ChessBase"]
[SourceDate "1997.04.01"]
[SourceVersion "1"]
[SourceVersionDate "1997.04.01"]
[SourceQuality "1"]

1. e4 c5 2. c3 Nf6 3. e5 Nd5 4. Nf3 Nc6 5. d4 cxd4 6. cxd4 d6 7. Bc4 Nb6 8. Bb3
dxe5 9. d5 Na5 10. Nc3 Nxb3 11. Qxb3 e6 12. Nxe5 exd5 (12... Bd6 13. Qb5+ Ke7
14. dxe6 Bxe6 15. Bf4 Bxe5 16. Qxe5 f6 17. Qe4 Qd7 18. O-O Kf7 $10 {Yagupov,
I-Savchenko,S/St-Petersburg/1993/0,5/48/}) (12... Nxd5 13. Qb5+ Bd7 14. Qxb7
Bb4 15. Nxd7 Qc8 $1 $10 {Vlassov,N-Baikov,V/Moskva/1996/0,5/59/}) 13. Be3 Bd6
14. Qb5+ Kf8 (14... Nd7 $2 15. Nxf7 $1 Kxf7 16. Qxd5+ Ke7 17. O-O-O Nf6 18. Qg5
$16 {Vlassov,N-Osadchenko,A/Moscow/1996/1-0/25/}) (14... Bd7 15. Nxd7 Qxd7 16.
O-O-O Qxb5 17. Nxb5 Kd7 18. Bxb6 axb6 19. Rxd5 Kc6 20. Rxd6+ Kxb5 $10 {Ivanov,
V L-Krivencov,S/Moscow/1994/0,5/25/}) 15. Rd1 $5 (15. O-O-O Be6 16. Nf3 (16. f4
Bxe5 17. fxe5 h6 $15 {Van Der Werf,M-Van Wely,L/Wijk aan Zee/1995/0-1/71/})
16... Rc8 17. Kb1 Rc6 18. Nd4 Rc4 $13 {Sermek,D-Sveshnikov,E/Bled/1996/0-1/38/}
) 15... Be6 (15... Bxe5 16. Nxd5 Bd6 (16... Nd7 17. Qb4+ Ke8 18. O-O $40) (
16... Bd7 17. Qc5+ Ke8 18. Nxb6 $18) 17. Nxb6 (17. O-O Bd7 18. Qd3 Nc8) (17.
Bc5 Nxd5 18. Rxd5 Qe7+) 17... axb6 18. O-O $44) 16. Nf3 Qe8 (16... Kg8 17. O-O
h6 18. h3 $44) 17. O-O (17. Bxb6 Bd7+ 18. Qe2 axb6 19. Rxd5 Bc7 $15) 17... Qxb5
18. Nxb5 Be7 (18... Ke7 19. Rfe1 Rhc8 20. Bd4 $36) 19. b3 $1 h6 20. Rfe1 (20.
Rc1 Bd7 21. Nc7 Rd8 22. Bxb6 axb6 23. Nxd5 Bb5 24. Rfd1 $13 Be2 $140 25. Rd2
Bxf3 26. gxf3 Bg5 27. f4 Bxf4 $2 28. Nxf4 Rxd2 29. Rc8+) 20... Bb4 (20... Kg8
21. Nc7 Rd8 22. Bxb6 axb6 23. Nxe6 fxe6 24. Rxe6 Bc5 25. Re5 $14) 21. Re2 Rd8
$1 (21... Ke7 22. Nc7 Rad8 23. Bxb6 axb6 24. Nd4 $1 $16) 22. Nxa7 Nc8 23. Rc2
Nxa7 24. Bxa7 Ra8 (24... Ke7 25. Bc5+ Bxc5 26. Rxc5 Ra8 27. a4 Rhc8 $10) 25.
Bd4 (25. Be3 $5) 25... Kg8 (25... Bd6 $142) 26. a4 Kh7 (26... Bd6) 27. Rc7 Rhb8
28. Be5 {/\Nd4/} Ba5 29. Re7 (29. Rc2 Rc8 30. Rdc1 f6 $10) 29... Bd8 $2 (29...
Bb4 $10) 30. Rxe6 fxe6 31. Bxb8 Rxb8 32. Nd4 $6 (32. Re1 Rc8 (32... b5 33. axb5
Rxb5 34. Nd4 Rb7 35. Nxe6 $16) 33. Rxe6 Rc3 34. Re3 Rc1+ 35. Re1 Rc3 36. Rb1
Bf6 37. Kf1 $14) 32... e5 33. Ne6 Rc8 $1 (33... d4 34. Nf8+ Kg8 35. Nd7 Rc8 36.
Nxe5 $16) 34. Nxd8 Rxd8 35. Rc1 Rd7 $6 (35... d4 36. f3 (36. Kf1 d3 37. Rd1 e4)
36... d3 37. Kf2 d2 38. Rd1 Rd3 $10) 36. Kf1 Kg6 37. Ke2 (37. a5 Kf6 38. b4 Ke6
39. b5 Kd6 40. Ke2 $14) 37... Kf6 38. f3 $6 (38. a5) 38... Ke6 39. Kd3 Kd6 40.
Rc8 Rf7 $132 41. h4 1/2-1/2

[Event "Noyabrsk"]
[Site "Noyabrsk"]
[Date "1995.??.??"]
[Round "2"]
[White "Stripunsky, Alexander"]
[Black "Nedobora, Mikhail"]
[Result "1-0"]
[WhiteElo "2495"]
[BlackElo "2480"]
[Annotator "Notkin,M"]
[PlyCount "79"]
[EventDate "1995.05.??"]
[EventType "tourn"]
[EventRounds "11"]
[EventCountry "RUS"]
[EventCategory "10"]
[SourceTitle "CBM 048"]
[Source "ChessBase"]
[SourceDate "1995.10.01"]
[SourceVersion "1"]
[SourceVersionDate "1995.10.01"]
[SourceQuality "1"]

1. e4 c5 2. c3 d5 3. exd5 Qxd5 4. d4 Nf6 5. Nf3 e6 6. Be2 Nc6 7. O-O cxd4 8.
cxd4 Be7 9. Nc3 Qd6 10. Nb5 Qd8 11. Bf4 Nd5 12. Bg3 a6 13. Nc3 O-O 14. Qb3 (14.
Rc1) 14... Nxc3 (14... Bd6 15. Rac1 Nf4 $6 16. Rfd1 Nxe2+ 17. Nxe2 Bxg3 18.
hxg3 Qd6 19. Nf4 Rd8 20. d5 $16 {Sveshnikov,E-Kaiumov,D/URS/1983/1:0/36/}) (
14... b6 15. Nxd5 exd5 16. Rac1 Bb7 17. Rfd1 Rc8 18. Rc3 b5 19. Ne5 $14 {
Sveshnikov,E-Micic,C/Cheliabinsk/1990/1:0/46/}) 15. bxc3 Bd6 (15... b5 16. Rfd1
Bb7 (16... Na5 17. Qb1 Bb7 18. a4 $14) 17. a4 b4 18. d5 $1 exd5 19. cxb4 Nxb4
20. a5 $1 $44 {Cherniaev,A-Khenkin,I/Biel/1994/1:0/45/}) 16. Bxd6 (16. Rfd1 $5)
16... Qxd6 17. Qb6 Qd8 (17... Rd8 $5 18. Nd2 (18. Rfd1 Bd7 19. c4 Be8 20. d5
Ne7 $10) 18... e5 19. Nc4 (19. Ne4 Qg6) 19... Qf6 $10) 18. Rab1 Qxb6 19. Rxb6
Rd8 20. Rfb1 (20. Rd1 $32) 20... Kf8 21. Kf1 Ne7 22. c4 Nf5 23. Rd1 Rd6 (23...
Rb8 $6 24. g4 Ne7 25. Rdb1) 24. Rb3 f6 (24... b6 25. g4 {/\Rdb1/}) (24... b5 $5
25. c5 (25. cxb5 axb5 26. Rd2 Rda6 27. Rbb2 Bd7 $10) 25... Rd8 26. Rb4 $5 Bd7
27. d5 $36) 25. c5 (25. g4 $32 Ne7 26. g5 Nc6 27. h4 $14) 25... Rd8 26. g4 Ne7
27. g5 Nc6 (27... Nf5 $6 28. gxf6 gxf6 29. Bc4 Bd7 $6 30. Rxb7 Bc6 31. Rb3 e5
32. d5 Ba4 33. d6 Bxb3 34. axb3 $16) 28. gxf6 gxf6 29. Re3 Rb8 (29... Bd7 30.
Bc4 Re8 $10) 30. Bc4 e5 31. d5 b6 $2 (31... Bg4 32. Be2 Ne7 (32... Bxf3 33.
Rxf3) 33. d6 Nf5 34. Rc3 b6 $1 35. c6 Rxd6 36. Rxd6 Nxd6 37. c7 Ra8 38. Rc6 Ke7
39. Rxb6 Rc8 $10) 32. Bb3 (32. Nd2 Na5 33. c6 Rd6 34. a3 $1 {/\Ba2/}) 32... Ne7
(32... Na5 33. c6 Rd6 34. Bc2 $16) 33. c6 Rd6 34. Nd2 Rxd5 $2 (34... Bf5 $8 35.
Ne4 Bxe4 36. Rxe4 Rbd8 37. Rc1 $1 Nxd5 38. c7 Rc8 39. Rd1 $18) 35. Bxd5 Nxd5
36. Rd3 Nf4 37. c7 Ra8 38. Rd8+ Ke7 39. Nc4 Bh3+ 40. Ke1 1-0

[Event "YUG-ch"]
[Site "Podgorica"]
[Date "1996.??.??"]
[Round "10"]
[White "Filipovic, Branko"]
[Black "Ilincic, Zlatko"]
[Result "1-0"]
[WhiteElo "2435"]
[BlackElo "2555"]
[Annotator "Notkin,M"]
[PlyCount "81"]
[EventDate "1996.02.??"]
[EventType "tourn"]
[EventRounds "15"]
[EventCountry "YUG"]
[EventCategory "9"]
[SourceTitle "CBM 053"]
[Source "ChessBase"]
[SourceDate "1996.08.01"]
[SourceVersion "1"]
[SourceVersionDate "1996.08.01"]
[SourceQuality "1"]

1. e4 c5 2. c3 Nf6 3. e5 Nd5 4. Nf3 Nc6 5. d4 cxd4 6. cxd4 d6 7. Bc4 Nb6 8. Bb3
d5 (8... dxe5) 9. Nh4 (9. h3 Bf5 10. Nc3 e6 11. O-O Be7 12. Be3 a6 13. Bc2 Bxc2
14. Qxc2 Rc8 15. Rad1 Nc4 $15 {Stojanovic,M-Marjanovic,S/Bor/1983/0:1/43/})
9... Nc4 $6 (9... a5 10. Nc3 a4 (10... e6 11. Nf3 Be7 12. h4 (12. O-O $142)
12... Bd7 13. Bc2 Nc4 $13 {Blauert,A-Sulava,N/Berlin/1988/0:1/59/}) 11. Bc2 a3
12. bxa3 e6 13. g3 Nc4 14. O-O Be7 15. Qg4 $14 {Jagupov,I-Ragozin,E/Orel/1992/
0:1/40/}) 10. Nc3 a6 11. O-O b5 12. Bc2 Ra7 $6 (12... e6 13. g3 Qb6 14. Ne2 b4
$14) 13. a4 $1 b4 14. Ne2 Bg4 15. f3 Bd7 16. b3 Nb6 17. Be3 $16 e6 18. g3 Be7
19. Ng2 Na5 20. f4 (20. Nc1 Rc7 21. Nd3 Qc8 22. Rf2 $16) 20... Rc7 21. Ne1 Qc8
22. Ra2 (22. Nc1 $5) 22... g6 23. h4 h5 24. Nd3 Nbc4 $5 (24... Nb7 25. a5 Na8
26. Bd2 Bb5 27. Nxb4) (24... Nac4 25. Bf2 (25. bxc4 $6 dxc4 $13) 25... Na3 26.
Nc5 $16) 25. bxc4 dxc4 26. Nxb4 Bxb4 27. f5 $1 gxf5 28. Nf4 Be7 29. Nxh5 Nc6 (
29... Bc6 30. d5 $1 Bxd5 31. Ng7+ Kf8 32. Nxf5 c3 33. Nd6 $16) 30. d5 $1 exd5 (
30... Nb4 31. d6 Nxa2 32. dxe7 $18) 31. Bxf5 $2 (31. Ng7+ Kf8 (31... Kd8 32.
Nxf5 Nb4 33. Nd6 $1 $18) 32. Nxf5 Nb4 33. Qg4 $1 $18) 31... Bxf5 32. Rxf5 (32.
Ng7+ Kf8 33. Nxf5 Qe6 $13) 32... Rg8 $2 (32... d4 $1 33. e6 dxe3 $1 34. Ng7+
Kf8 35. Rxf7+ Kg8 36. Qg4 Ne5 37. Qf5 Bd6 $13) 33. Raf2 Bxh4 34. Qxd5 Qe6 35.
Qe4 $1 (35. Ng7+ $1 Rxg7 36. Qxe6+ fxe6 37. Rf8+ Kd7 38. Rd2+ Nd4 39. Rxd4+ Ke7
) 35... Rxg3+ (35... Bd8 36. Bb6 Rd7 (36... Rc8 37. Bxd8 Kxd8 38. Rd2+ $18) 37.
Bxd8 Kxd8 38. Rf6 $18) 36. Nxg3 $2 (36. Kf1 $1 Qd7 (36... Rxe3 37. Ng7+ Kd7 38.
Rxf7+ Ne7 39. Rd2+ $18) 37. Nxg3 Bxg3 38. Qg4 $18) 36... Bxg3 37. R2f3 (37. Rc2
$5) 37... Bxe5 38. Qg4 $2 (38. Qb1 $13) 38... f6 $2 (38... Ne7 $1 39. Rg5 Qxg4+
40. Rxg4 c3 $15) 39. Bb6 Rh7 $2 (39... Rd7 $2 40. Rxe5 $1 Qxe5 41. Re3 $18) (
39... Re7 $1 40. Bc5 Kd7 $1 41. Bxe7 Nxe7 42. Qg7 (42. R5f4 $10) 42... Kc6 $13)
40. Rxe5 $1 Qxe5 41. Qg8+ 1-0

[Event "Oakham YM"]
[Site "Oakham"]
[Date "1986.??.??"]
[Round "3"]
[White "Blatny, Pavel"]
[Black "Horvath, Csaba"]
[Result "0-1"]
[WhiteElo "2415"]
[BlackElo "2345"]
[Annotator "Nunn,J"]
[PlyCount "64"]
[EventDate "1986.04.??"]
[EventType "swiss"]
[EventRounds "9"]
[EventCountry "ENG"]
[SourceTitle "MCL"]
[Source "ChessBase"]
[SourceDate "1999.07.01"]
[SourceVersion "1"]
[SourceVersionDate "1999.07.01"]
[SourceQuality "1"]

1. e4 c5 2. c3 d5 3. exd5 Qxd5 4. d4 Nf6 5. Nf3 Nc6 6. Be3 (6. Bd3 Bg4) (6.
dxc5 Qxc5 (6... Qxd1+ $5 7. Kxd1 e5 8. b4 Bf5 $44) 7. Be3 Qa5) 6... cxd4 7.
cxd4 e6 8. Nc3 Qd6 9. Rc1 Be7 10. Bd3 O-O (10... Nb4 $2 11. Nb5) 11. a3 $6 Rd8
$1 12. Bb1 $6 (12. O-O $142 e5 13. Nb5 Qd7 14. Nxe5 Nxe5 15. Rc7 Qe8 16. dxe5
Bf5 $13) 12... e5 $1 13. dxe5 (13. O-O Nxd4 (13... exd4 14. Nb5 $6) 14. Bxd4 (
14. Nxd4 exd4 15. Nb5 Qe5 16. Nxd4 Ng4 $17) 14... exd4 15. Nb5 Qf4 16. Nbxd4
Bg4 $15) 13... Nxe5 14. Nd4 (14. Qxd6 Nxf3+ 15. gxf3 Bxd6 $10) 14... Neg4 15.
Qf3 (15. Nf5 $5 Nxe3 (15... Bxf5 16. Qxd6 Bxd6 17. Bxf5 Nxe3 18. fxe3 g6 19.
Bh3 $15) (15... Qe5 16. Nxe7+ Qxe7 17. Qe2 $15) 16. Nxe3 $15) 15... Qe5 16. Nf5
Bc5 17. Nd1 (17. h3 Bxf5 18. Qxf5 Bxe3 19. Qxe5 Bd2+ $17) 17... Bxe3 18. Nfxe3
(18. Ndxe3 Qxb2 $17) 18... Bd7 19. Qg3 (19. h3 Bc6 20. Qf5 (20. Qe2 Nxe3 21.
Nxe3 Bb5) 20... Qd6 21. Nxg4 (21. Qc2 Be4 22. Qc3 Nxe3 23. Nxe3 Bxb1 24. Rxb1
Rac8 25. Qb4 Qa6 $17) 21... Qd2+ 22. Kf1 Qxc1 23. Nxf6+ gxf6 24. Qxh7+ Kf8 $17)
19... Qa5+ 20. Rc3 (20. Nc3 Nxe3 21. fxe3 Qa6) (20. b4 Qxa3) 20... Nxe3 21.
fxe3 (21. Nxe3 Rac8 $17) 21... Bb5 22. b4 Qa6 23. Bf5 Rd6 24. Nb2 Rad8 25. a4
Rd2 $1 26. Rc2 (26. axb5 Qa1+) 26... Rxc2 27. Bxc2 Qc6 28. axb5 Qc3+ 29. Kf2
Qxc2+ 30. Kf3 Qxb2 31. Qc7 Re8 32. Qxb7 Qxb4 0-1

[Event "Hoogovens"]
[Site "Wijk aan Zee"]
[Date "1995.01.??"]
[Round "1"]
[White "Short, Nigel D"]
[Black "Tregubov, Pavel V"]
[Result "1-0"]
[WhiteElo "2640"]
[BlackElo "2545"]
[Annotator "Pein,M"]
[PlyCount "73"]
[EventDate "1995.01.??"]
[EventType "k.o."]
[EventRounds "5"]
[EventCountry "NED"]
[SourceTitle "CBM 045"]
[Source "ChessBase"]
[SourceDate "1995.04.01"]
[SourceVersion "1"]
[SourceVersionDate "1995.04.01"]
[SourceQuality "1"]

1. e4 c5 2. Nf3 e6 3. c3 d5 4. exd5 exd5 5. d4 {This position could have come
from a variety of move orders including a French Defence} Nf6 6. Bd3 Nbd7 {
Dubious, Bd6 is normal} 7. O-O Be7 8. Re1 O-O 9. Bg5 Re8 10. Nbd2 a6 11. Nf1
cxd4 12. cxd4 {[#] White has a handy plus, ..a6 looks dubious also} Nf8 13. Ne5
N6d7 14. Bxe7 Rxe7 15. Nf3 {Leaving Black short on deveopment} Rxe1 16. Qxe1
Qb6 17. Qd2 Nf6 18. Ng3 {Black has a problem with the Bc8 ideally he would
like to exchange it but White does not cooperate and this piece is the cause
of Black's future problems} Ng6 19. Re1 {In view of the possible improvement
later White could consider the immediate Bxg6} Bg4 20. Bxg6 hxg6 (20... Bxf3
21. Bxf7+ Kxf7 22. gxf3 Re8 {Was a much better practical chance and the last
chance to exchange the bishop}) 21. Ng5 {Simply a very annoying move it hits
f7 defends e4 and there is always the possibility of a quick Qf4-h4} Nh7 22.
Nxh7 Kxh7 {[#]  Short has carefully built up a series of small advantages,
lets taken stock. The Re1 has an open file, he has the slightly better king
and a good knight v a bad bishop in view of Black's five pawns on white
squares. The only thing left to tidy up the white position isto eliminate the
back rank and it comes woth gain of tempo, White has the initiative as well.
Diagram} 23. h3 Be6 24. Rc1 $1 {Idea Rc5 Qc3 etc} Bd7 25. b3 {A quiet move but
with a threat, having defended the b2 pawn White prepares Qf4} Qd6 26. Ne2 {
This knight has prospects, f4, d3 e5 and c5 are all good squares} Re8 27. Nc3 {
And c3 is not bad either} Qb4 28. Rd1 Bc6 29. h4 {Fixing Black's kingside and
preparing to improve the king} a5 30. g3 Re6 31. f3 b5 32. Kf2 Qe7 33. Ne2 Qa3
34. Nf4 Rd6 {In time pressure Black gets his pieces in a terrible tangle} 35.
Rc1 f6 36. Rc5 {Threat Qc2} Qb4 37. Qxb4 {And Black lost on time but in fact
he is losing two pawns eg axb4 Nd3 and Nxb4 hitting d5 and c5} 1-0